La celestina

Guardat en:
Dades bibliogràfiques
Autor principal: Rojas, Fernando de (Autor)
Format: Llibre
Idioma:espanyol
Publicat: Bogotá Panamericana 1993
Edició:1a. ed
Matèries:
Etiquetes: Afegir etiqueta
Sense etiquetes, Sigues el primer a etiquetar aquest registre!

MARC

LEADER 00000cam a2200000 a 4500
001 UCG9635
003 CL-VaPUC
008 120323e19930000CK |||||||||||||||||spa|d
020 |a 9789583001345 
082 0 4 |a 862  |b ROJ  |2 21 
100 0 |a Rojas, Fernando de  |e author  |9 326656 
245 1 3 |a La celestina 
250 |a 1a. ed 
300 |a 284 p 
942 |c BK 
945 |d 20120323 00:00:00  |a dcastane 
260 |a Bogotá  |b Panamericana  |c 1993 
650 0 |a Teatro español  |9 265077 
650 0 |a Dramas españoles  |9 267081 
583 |a last modification  |c 20120323 11:52:00  |k Rodrigo Vera 
999 |c 347181  |d 347179